| 000 | 00817nam a2200241Ia 4500 | ||
|---|---|---|---|
| 008 | 180523s9999 xx 000 0 und d | ||
| 020 | _a1-57230-961-X | ||
| 050 | _aMAIN LC 151 | ||
| 050 | _b.M85 2004 | ||
| 245 | 0 | _aMulticultural and multingual literacy and language : | |
| 245 | 0 | _bcontexts and practices / | |
| 245 | 0 | _cedited by Fenice B. Boyd and Cynthia H. Brock with Mary S. Rozendal; foreword by Lisa Delpit. | |
| 260 | _aNew York : | ||
| 260 | _bThe Guilford Press, | ||
| 260 | _c2004 | ||
| 300 | _a338 pages : | ||
| 300 | _c23 cm. | ||
| 500 | _aIncludes index. | ||
| 650 | _aLiteracy -- Social aspects -- United States. | ||
| 650 | _aSociolinguistics -- United States. | ||
| 650 | _xLanguage arts -- Social aspects -- United States. | ||
| 650 | _xMulticultural education -- United States. | ||
| 999 |
_c357332 _d357332 |
||